Statystyki dla Kartkówka z Geografii cz.1

Kliknij tutaj aby rozwiązać quiz!

Ogólne statystyki

  • Ten quiz został rozwiązany 55 razy
  • Średni wynik to 27 z 40

Odpowiedzi na mapie

Odpowiedzi skodowane kolorowo w zielono-czerwonej skali na mapie do tego quizu, zgodnie z poniższymi procentami.
 

Statystyki odpowiedzi

Odpowiedź% Poprawnych
Stany Zjednoczone
98%
Nowa Zelandia
88%
Chile
85%
Egipt
85%
Australia
83%
Republika Południowej Afryki
83%
Rosja
83%
Indie
78%
Brazylia
76%
Chiny
76%
Kazachstan
76%
Kanada
73%
Argentyna
71%
Indonezja
71%
Japonia
71%
Turcja
71%
Arabia Saudyjska
68%
Meksyk
68%
Tajlandia
68%
Filipiny
66%
Irak
66%
Izrael
66%
Mongolia
66%
Iran
63%
Panama
63%
Peru
63%
Ekwador
61%
Kenia
61%
Kuba
61%
Maroko
59%
Afganistan
56%
Algieria
56%
Bangladesz
56%
Haiti
56%
Libia
56%
Nikaragua
56%
Dominikana
54%
Kolumbia
54%
Wenezuela
54%
Tanzania
51%

Rozkład punktacji

Percentyl według liczby udzielonych odpowiedzi

Procent ludzi z każdym wynikiem

Twoja historia wyników

Nie rozwiązałeś tego quizu